|
|
|
|
| LEADER |
00000cam a2200000 7i4500 |
| 001 |
0000007283 |
| 002 |
000007834 |
| 005 |
20031201.0 |
| 020 |
|
|
|a 0861631447
|
| 090 |
0 |
0 |
|a JF
|b BLY
|
| 100 |
1 |
|
|a Blyton, Enid
|
| 245 |
1 |
4 |
|a The Little brown bear and other stories
|c Enid Blyton ; illustrated by Suzy-Jane Tanner
|
| 260 |
|
|
|a London :
|b Award Publications ,
|c 1997
|
| 300 |
|
|
|a 191p. :
|b ill. ;
|c 19cm.
|
| 650 |
0 |
0 |
|a Children's stories
|
| 700 |
0 |
|
|a Tanner, Suzay-Jane
|
| 999 |
|
|
|a 00074765
|b BUKU
|c PINJAMAN
|e PERPUSTAKAAN KOMUNITI PETALING JAYA
|
| 999 |
|
|
|a 00160186
|b BUKU
|c PINJAMAN
|e PERPUSTAKAAN KOMUNITI PETALING JAYA
|
| 999 |
|
|
|a 00160188
|b BUKU
|c PINJAMAN
|e PERPUSTAKAAN KOMUNITI PETALING JAYA
|
| 999 |
|
|
|a 041270
|b BUKU
|c PINJAMAN
|e PERPUSTAKAAN KOMUNITI PETALING JAYA
|
| 999 |
|
|
|a 041271
|b BUKU
|c PINJAMAN
|e PERPUSTAKAAN KOMUNITI PETALING JAYA
|
| 999 |
|
|
|a 041272
|b BUKU
|c PINJAMAN
|e PERPUSTAKAAN KOMUNITI PETALING JAYA
|
| 999 |
|
|
|a 045081
|b BUKU
|c PINJAMAN
|e PERPUSTAKAAN KOMUNITI PETALING JAYA
|